Welcome to WEB OPAC of MRSPTU Central Library

Textbook of english and communication skills-2 (Record no. 5538)

MARC details
000 -LEADER
fixed length control field 00475nam a2200181Ia 4500
008 - FIXED-LENGTH DATA ELEMENTS--GENERAL INFORMATION
fixed length control field 230711s9999||||xx |||||||||||||| ||und||
020 ## - INTERNATIONAL STANDARD BOOK NUMBER
International Standard Book Number 978-81-8247-4093
041 ## - LANGUAGE CODE
Language code of text/sound track or separate title ENG
082 ## - DEWEY DECIMAL CLASSIFICATION NUMBER
Classification number 372.6
Item number DH-E
100 ## - MAIN ENTRY--PERSONAL NAME
Personal name Dhillon,Alvinder
245 #0 - TITLE STATEMENT
Title Textbook of english and communication skills-2
250 ## - EDITION STATEMENT
Edition statement 1st . Ed.
260 ## - PUBLICATION, DISTRIBUTION, ETC.
Date of publication, distribution, etc. 2012
Place of publication, distribution, etc. New Delhi
Name of publisher, distributor, etc. Abhishek Publications
300 ## - PHYSICAL DESCRIPTION
Extent 311
650 ## - SUBJECT ADDED ENTRY--TOPICAL TERM
Topical term or geographic name entry element COMMUNICATION SKILL
700 ## - ADDED ENTRY--PERSONAL NAME
Personal name Singla,Parmod Kumar
942 ## - ADDED ENTRY ELEMENTS (KOHA)
Koha item type Book
Holdings
Withdrawn status Lost status Damaged status Not for loan Collection Home library Current library Date acquired Total checkouts Full call number Barcode Date last seen Price effective from Koha item type Date last checked out Date due
          MRSPTU Central Library MRSPTU Central Library     372.6 DH-E 24470 08/17/2023 08/17/2023 Book    
          MRSPTU Central Library MRSPTU Central Library     372.6 DH-E 24471 08/17/2023 08/17/2023 Book    
          MRSPTU Central Library MRSPTU Central Library     372.6 DH-E 24472 08/17/2023 08/17/2023 Book    
          MRSPTU Central Library MRSPTU Central Library     372.6 DH-E 24473 08/17/2023 08/17/2023 Book    
          MRSPTU Central Library MRSPTU Central Library     372.6 DH-E 24474 08/17/2023 08/17/2023 Book    
          MRSPTU Central Library MRSPTU Central Library     372.6 DH-E 24475 08/17/2023 08/17/2023 Book    
          MRSPTU Central Library MRSPTU Central Library     372.6 DH-E 24476 08/17/2023 08/17/2023 Book    
          MRSPTU Central Library MRSPTU Central Library     372.6 DH-E 24477 08/17/2023 08/17/2023 Book    
          MRSPTU Central Library MRSPTU Central Library     372.6 DH-E 24478 08/17/2023 08/17/2023 Book    
          MRSPTU Central Library MRSPTU Central Library     372.6 DH-E 24479 08/17/2023 08/17/2023 Book    
          MRSPTU Central Library MRSPTU Central Library   1 372.6 DH-E 24480 10/21/2023 08/17/2023 Book 10/06/2023  
          MRSPTU Central Library MRSPTU Central Library     372.6 DH-E 24481 08/17/2023 08/17/2023 Book    
          MRSPTU Central Library MRSPTU Central Library   1 372.6 DH-E 24482 04/27/2026 08/17/2023 Book 04/07/2026  
          MRSPTU Central Library MRSPTU Central Library     372.6 DH-E 24483 08/17/2023 08/17/2023 Book    
          MRSPTU Central Library MRSPTU Central Library   1 372.6 DH-E 24484 04/07/2026 08/17/2023 Book 04/07/2026 04/28/2026

Website Designed and Developed by MRSPTU Central Library Team

E-mail Id: librarian@mrsptu.ac.in